000 00819nam a2200253 a 4500
001 000040902
005 20250217092805.0
008 130911s1994 dr 000 0 spa d
040 _aDO-SdBNP
_bspa
_cBNPHU
082 _a270.82
_bJ91f
100 1 _aJuanes, Benigno
_d1916-2009
_9442
245 1 0 _aFormar para servir /
_cBenigno Juanes.
260 _aSanto Domingo :
_bRenovación Carismática católica,
_c1994.
300 _a245 p. ;
_c21cm.
490 1 _aTorrentes
_v6
504 _aBibliografía : p. 245
590 _aInventariado, 2018/ YL
500 _aGuía para la renovación carismática católica
650 4 _aMovimiento carismático
_9666
650 4 _aRenovación carismática
_9667
650 0 _aVida cristiana
_9668
830 0 _aTorrentes
_n6
_967333
910 _aValidado. Control de calidad MFF
999 _c40392
_d40392